000 00470nam a22001817a 4500
003 NUST - PNEC
005 20170116181142.0
008 151008b xxu||||| |||| 00| 0 eng d
020 _a0201518848
040 _cLIBRARY
082 _a629.895 FRA
100 _914736
_aFranklin, Gene F
245 _aDigital control of dynamic systems
_cGene F Franklin,
250 _a2nd ed
260 _cc1990.
650 _914737
_aDigital control systems
_xMS
942 _2ddc
_cBK
999 _c70531
_d70531